[Event "PRO League Group Stage"]
[Site "chess.com INT"]
[Date "2017.02.22"]
[Round "7"]
[White "Mukumbya, Benjamin"]
[Black "Troff, Kayden W"]
[Result "1-0"]
[BlackTitle "GM"]
[WhiteElo "1901"]
[BlackElo "2511"]
[WhiteTeam "Seattle Sluggers"]
[BlackTeam "Las Vegas Desert Rats"]
[WhiteFideId "10001115"]
[BlackFideId "2047896"]
[EventDate "2017.01.11"]

1. Nf3 Nf6 2. d4 g6 3. c4 Bg7 4. Nc3 d5 5. e3 O-O 6. Bd3 c5 7. O-O cxd4 8. exd4
Nc6 9. h3 Nb4 10. Be2 dxc4 11. Bxc4 Bf5 12. Bf4 Rc8 13. Bb3 Nd3 14. Be5 Nxb2 15.
Qd2 Nc4 16. Bxc4 Rxc4 17. Rfe1 Qa5 18. Bxf6 Bxf6 19. Ne4 Qxd2 20. Nxf6+ exf6 21.
Nxd2 Rxd4 22. Nf3 Rd7 23. Rac1 Be6 24. Re2 Rfd8 25. Rc3 Rd3 26. Rc7 R8d7 27.
Rc8+ Kg7 28. Ra8 Ra3 29. Rb2 b6 30. Rc2 Bd5 31. Rb8 Bxf3 32. gxf3 Rxf3 33. Kg2
Ra3 34. Re8 h5 35. Rb8 f5 36. Re8 h4 37. Rec8 g5 38. Re8 Rd6 39. Re7 Rf6 40. Re8
g4 41. Rcc8 Re6 42. Rg8+ Kf6 43. hxg4 h3+ 44. Kh2 Re2 45. g5+ Ke7 46. Rce8+ Kd7
47. Rxe2 Ra4 48. Rf8 Rg4 49. Rxf7+ Kd6 50. Rxf5 Rh4 51. g6 Rg4 52. Rf6+ Kd5 53.
f3 Rg5 54. Kxh3 a5 55. f4 Rg1 56. Rg2 Rh1+ 57. Kg3 1-0

[Event "PRO League Group Stage"]
[Site "chess.com INT"]
[Date "2017.02.22"]
[Round "7"]
[White "Kazhgaleyev, Murtas"]
[Black "Meier, Georg"]
[Result "1/2-1/2"]
[WhiteTitle "GM"]
[BlackTitle "GM"]
[WhiteElo "2594"]
[BlackElo "2630"]
[WhiteTeam "Cannes Blockbusters"]
[BlackTeam "Stockholm Snowballs"]
[WhiteFideId "13700316"]
[BlackFideId "4675789"]
[EventDate "2017.01.11"]

1. d4 Nf6 2. c4 e6 3. Nc3 Bb4 4. e3 O-O 5. Bd3 c5 6. Ne2 d5 7. a3 Bxc3+ 8. bxc3
b6 9. cxd5 exd5 10. O-O Ba6 11. Ng3 Qd7 12. dxc5 bxc5 13. Bxa6 Nxa6 14. c4 dxc4
15. Bb2 Qc6 16. Nf5 Rfe8 17. Qd6 Qxd6 18. Nxd6 Red8 19. Rfd1 Ne8 20. Nxc4 f6 21.
Kf1 Kf7 22. Ke2 Ke6 23. Bc3 Nd6 24. Nxd6 Rxd6 25. Rxd6+ Kxd6 26. Rd1+ Kc6 27. g4
Nc7 28. h4 h6 29. e4 Nb5 30. Bb2 Nd6 31. f3 Rb8 32. Ba1 Nc4 33. g5 hxg5 34. hxg5
fxg5 35. Rg1 Rb3 36. Rxg5 Re3+ 37. Kf2 Rxa3 38. Bxg7 Nd2 39. Rf5 c4 40. Ke2 Rd3
41. Rf6+ Kb5 42. Rf7 a5 43. e5 Kc6 44. e6 Nxf3 45. Rf4 Nd2 46. Be5 Rd8 47. e7
Re8 48. Kxd2 Rxe7 49. Bc3 a4 50. Rxc4+ Kd5 51. Rxa4 Re4 52. Ra8 Rg4 53. Ra5+ Ke6
54. Kd3 Rg3+ 55. Kc4 Rg4+ 56. Bd4 Rg6 57. Re5+ Kd6 58. Rh5 Ke6 59. Kd3 Kd6 60.
Be3 Kc6 61. Kc4 Re6 62. Bd4 Rg6 63. Ra5 Re6 64. Ra1 Kd7 65. Bc5 Kc6 66. Rg1 Re4+
67. Bd4 Re6 68. Rg5 Kd7 69. Kc5 Rc6+ 70. Kb5 Re6 71. Bc5 Re4 72. Rg6 Ke8 73. Rf6
Kd7 74. Rd6+ Ke8 75. Kc6 Kf7 76. Kd5 Rf4 77. Bd4 Rf1 78. Rd7+ Ke8 79. Ra7 Rf7
80. Ra8+ Kd7 81. Be5 Re7 82. Bd6 Rf7 83. Rh8 Rf5+ 84. Be5 Rf7 85. Ra8 Re7 86.
Bf6 Rf7 87. Ke5 Kc6 88. Ke6 Rb7 89. Be5 Kb5 90. Kd5 Rd7+ 91. Bd6 Rb7 92. Ra1 Rb6
93. Ra7 Ra6 94. Rg7 Rb6 95. Bc5 Rb8 96. Rd7 Ka4 97. Kc4 Rb4+ 98. Kd5 Rb8 99.
Ra7+ Kb3 100. Ra3+ Kc2 101. Kc4 Kd2 102. Ra2+ Kd1 1/2-1/2

[Event "PRO League Group Stage"]
[Site "chess.com INT"]
[Date "2017.02.22"]
[Round "7"]
[White "Kazhgaleyev, Murtas"]
[Black "Vasquez Schroeder, Rodrigo"]
[Result "1-0"]
[WhiteTitle "GM"]
[BlackTitle "GM"]
[WhiteElo "2594"]
[BlackElo "2554"]
[WhiteTeam "Cannes Blockbusters"]
[BlackTeam "Stockholm Snowballs"]
[WhiteFideId "13700316"]
[BlackFideId "3400042"]
[EventDate "2017.01.11"]

1. d4 Nf6 2. c4 c5 3. d5 g6 4. Nc3 Bg7 5. e4 d6 6. Bd3 O-O 7. h3 e6 8. Nf3 exd5
9. exd5 Nbd7 10. O-O Nh5 11. Re1 Ne5 12. Be2 Nd7 13. Bg5 Bf6 14. Qd2 Ne5 15.
Bxf6 Nxf3+ 16. Bxf3 Nxf6 17. Qf4 a6 18. Re2 Re8 19. Rxe8+ Nxe8 20. Re1 f5 21. h4
Bd7 22. Qh6 Qf6 23. a4 Ng7 24. a5 Re8 25. Rxe8+ Bxe8 26. Qf4 Qd8 27. Ne2 Bf7 28.
g3 Ne8 29. Qd2 Nf6 30. Nf4 Nd7 31. Ne6 Qf6 32. Bg2 Ne5 33. Qc3 Bxe6 34. dxe6 Qe7
35. Bd5 Nc6 36. h5 Nd4 37. Qe3 Kg7 38. b4 Kf6 39. hxg6 hxg6 40. b5 Nxe6 41. b6
Nd8 42. Qh6 Qg7 43. Qh4+ g5 44. Qh5 Ke7 45. Qf3 Qa1+ 46. Kg2 Qxa5 47. Qxf5 Qxb6
48. Qh7+ Ke8 49. Be4 Qb2 50. Qg6+ Ke7 51. Qh7+ Nf7 52. Bd5 Qf6 53. Bxb7 a5 54.
Bd5 a4 55. Qg8 Nd8 56. Qh7+ Nf7 57. Qc2 Qa1 58. Qf5 Nd8 59. Qxg5+ Kd7 60. Qf5+
Kc7 61. Qh7+ Kc8 62. Qa7 a3 63. Bf3 Qd4 64. Bd5 Qb2 65. Bf3 Nb7 66. Kg1 Qb1+ 67.
Kh2 a2 68. Bxb7+ Qxb7 69. Qxa2 Qf3 70. Qd2 Kd7 71. Kg1 Qe4 72. Qc3 Qb1+ 73. Kg2
Qe4+ 74. f3 Qe2+ 75. Kh3 Qe6+ 76. g4 Qh6+ 77. Kg3 Qh1 78. Qe3 Qf1 79. Qe4 Qg1+
80. Kf4 Qc1+ 81. Kf5 Qc3 82. g5 Qh8 83. Kg4 Qh1 84. Kf5 Qh3+ 85. Qg4 Qh8 86. Qe4
Qh3+ 87. Kg6 Qh8 88. Qb7+ Ke6 89. Qd5+ Kd7 90. Qb7+ Ke6 91. Qf7+ Ke5 92. Qf6+ 1-0

[Event "PRO League Group Stage"]
[Site "chess.com INT"]
[Date "2017.02.22"]
[Round "7"]
[White "Mohammad, Nubairshah Shaikh"]
[Black "Dudukin, Ilya"]
[Result "0-1"]
[WhiteTitle "IM"]
[BlackTitle "FM"]
[WhiteElo "2412"]
[BlackElo "2396"]
[WhiteTeam "Mumbai Movers"]
[BlackTeam "Gorky Stormbringers"]
[WhiteFideId "5053196"]
[BlackFideId "4148576"]
[EventDate "2017.01.11"]

1. d4 d6 2. c4 e5 3. Nc3 exd4 4. Qxd4 Nc6 5. Qd2 Nf6 6. b3 Be6 7. e4 a5 8. Bb2
a4 9. Rd1 Be7 10. Nf3 O-O 11. Be2 Bg4 12. O-O Bxf3 13. Bxf3 axb3 14. axb3 Re8
15. g3 Nd7 16. Nd5 Bf8 17. Ra1 Rxa1 18. Bxa1 Nce5 19. Bg2 c6 20. Ne3 Qb6 21. Rb1
Ra8 22. Bd4 Qa5 23. Qxa5 Rxa5 24. f4 Ng6 25. h4 Ne7 26. Bc3 Ra2 27. Rd1 Ra3 28.
Rxd6 Rxb3 29. Bd2 Nc5 30. e5 g6 31. Kf2 Nf5 32. Nxf5 gxf5 33. Rd8 Kg7 34. Be3
Ne6 35. Rb8 Rb2+ 36. Kf1 Rb3 37. Kf2 Bc5 38. Bxc5 Nxc5 39. h5 Rc3 40. Bh3 Ne4+
41. Ke1 Rc1+ 42. Ke2 Nxg3+ 43. Kd3 Nxh5 44. Bxf5 Nxf4+ 45. Kd2 Rxc4 46. Rxb7 Rc5
47. Be4 Ne6 48. Ra7 Rxe5 49. Bxc6 h5 50. Kd3 Kg6 51. Ra8 Nf4+ 52. Kd4 Re1 53.
Rg8+ Kf6 54. Be4 h4 55. Rg4 Ne6+ 56. Kd5 h3 57. Rh4 Re2 58. Bd3 Re5+ 59. Kc4 Ng5
60. Rh6+ Kg7 61. Rh4 Re3 62. Bf5 Rf3 63. Bd7 Kf6 64. Kd4 Rb3 65. Rh6+ Kg7 66.
Rh5 Kg6 67. Rh8 h2 68. Bc6 Rb2 69. Kc3 Rf2 70. Kd3 Kf5 71. Ke3 Rb2 72. Rh4 f6
73. Bd5 Kg6 74. Bc6 Ra2 75. Be8+ Kf5 76. Bd7+ Ke5 77. Bc6 f5 78. Rh5 f4+ 79. Kd3
Kf5 80. Bd7+ Kg6 81. Rh4 f3 82. Bc6 Kf5 83. Ke3 Re2+ 84. Kd3 Ra2 85. Rh8 Kg4 86.
Ke3 Re2+ 87. Kd3 Ra2 88. Bd5 Rf2 89. Ke3 Kg3 90. Rh5 Re2+ 91. Kd3 Re1 92. Rxg5+
Kf4 93. Rg8 h1=Q 94. Rf8+ Kg3 95. Rg8+ Kf2 96. Rf8 Qh7+ 97. Kd4 Rd1+ 98. Kc4
Rxd5 99. Kxd5 Qd7+ 100. Ke4 Qe7+ 0-1

[Event "PRO League Group Stage"]
[Site "chess.com INT"]
[Date "2017.02.22"]
[Round "7"]
[White "Nyzhnyk, Illya"]
[Black "Kambrath, Yannick"]
[Result "1-0"]
[WhiteTitle "GM"]
[BlackTitle "FM"]
[WhiteElo "2616"]
[BlackElo "2358"]
[WhiteTeam "Webster Windmills"]
[BlackTeam "Rio Grande Ospreys"]
[WhiteFideId "14118084"]
[BlackFideId "20632525"]
[EventDate "2017.01.11"]

1. d4 Nf6 2. Nf3 g6 3. c4 Bg7 4. Nc3 O-O 5. e4 d6 6. h3 Na6 7. Bg5 Qe8 8. Bd3 e5
9. d5 Nh5 10. Bc2 f6 11. Be3 f5 12. Ba4 Qe7 13. Qc2 Nf4 14. Bxf4 exf4 15. O-O-O
Nc5 16. Nd4 fxe4 17. Rhe1 Bf5 18. f3 Nd3+ 19. Qxd3 exd3 20. Rxe7 Bxd4 21. Ne4
Be3+ 22. Kb1 Rf7 23. Rxf7 Kxf7 24. Rxd3 h6 25. Bc2 Bxe4 26. fxe4 Kf6 27. Bd1 Ke5
28. Bf3 a5 29. b3 Bc5 30. a4 Rh8 31. Kc2 h5 32. Kd1 Re8 33. Ke2 Kf6 34. h4 Ke5
35. Rd1 Rg8 36. Kd3 Bf2 37. Rh1 Rh8 38. Ke2 Bc5 39. Rh3 Rf8 40. Kd3 Rf6 41. Rh1
Bf2 42. Rh3 Bc5 43. Ke2 Kd4 44. g3 fxg3 45. Rxg3 Ke5 46. Rg5+ Kf4 47. Bh1 Bb6
48. Kd3 Bc5 49. e5 dxe5 50. Be4 Bf2 51. Bxg6 Bxh4 52. Rxh5 Kg4 53. Be8 Bg5 54.
Rh1 Rf3+ 55. Kc2 Rf2+ 56. Kd3 Rf3+ 57. Kc2 Rf2+ 58. Kd3 Kf4 59. Re1 Rf3+ 60. Kc2
e4 61. Bh5 Rf2+ 62. Re2 Rxe2+ 63. Bxe2 Ke3 64. Bh5 Kf2 65. Bg4 Ke3 66. Bf5 b6
67. Bg6 Kd4 68. Bf5 Ke3 69. Bg6 Kf3 70. Bh5+ Kf2 71. Bg4 Ke3 72. Bh5 Kf4 1-0

[Event "PRO League Group Stage"]
[Site "chess.com INT"]
[Date "2017.02.22"]
[Round "7"]
[White "Mihok, Oliver"]
[Black "Grover, Sahaj"]
[Result "1/2-1/2"]
[WhiteTitle "GM"]
[BlackTitle "GM"]
[WhiteElo "2505"]
[BlackElo "2467"]
[WhiteTeam "Budapest Gambit"]
[BlackTeam "Delhi Dynamite"]
[WhiteFideId "728012"]
[BlackFideId "5021103"]
[EventDate "2017.01.11"]

1. e4 e5 2. Nf3 Nc6 3. Bb5 a6 4. Ba4 Nf6 5. d4 exd4 6. O-O Be7 7. e5 Ne4 8. Nxd4
Nxd4 9. Qxd4 Nc5 10. Nc3 O-O 11. Nd5 Nxa4 12. Qxa4 d6 13. Qa3 Re8 14. Nxe7+ Qxe7
15. exd6 Qxd6 16. Qxd6 cxd6 17. Be3 Bf5 18. c3 Rad8 19. Rad1 Be6 20. a3 Bc4 21.
Rfe1 d5 22. Bb6 Rc8 23. f3 Re6 24. Rxe6 fxe6 25. Re1 Kf7 26. Kf2 Bd3 27. h4 h6
28. h5 Rc6 29. Bd4 b5 30. g4 Rc7 31. Rg1 Kg8 32. Ke3 Bc2 33. Kd2 Bh7 34. g5 hxg5
35. Rxg5 Bf5 36. h6 g6 37. Rg2 Kh7 38. f4 Rc4 39. Ke3 a5 40. b4 a4 41. Rh2 Bg4
42. Rh1 Bh5 43. Kf2 Kxh6 44. Re1 Rc6 45. Kg3 g5 46. fxg5+ Kxg5 47. Re5+ Kg6 48.
Kf4 Kh6 49. Re1 Bg6 50. Rh1+ Bh5 51. Ke5 Kg6 52. Rg1+ Kf7 53. Rf1+ Ke8 54. Bc5
Bg6 55. Rf8+ Kd7 56. Rg8 Bf5 57. Rb8 Bd3 58. Rb7+ Rc7 59. Rb6 Rc6 60. Rxc6 Kxc6
61. Kxe6 1/2-1/2

[Event "PRO League Group Stage"]
[Site "chess.com INT"]
[Date "2017.02.22"]
[Round "7"]
[White "Mihok, Oliver"]
[Black "Tania, Sachdev"]
[Result "1-0"]
[WhiteTitle "GM"]
[BlackTitle "IM"]
[WhiteElo "2505"]
[BlackElo "2429"]
[WhiteTeam "Budapest Gambit"]
[BlackTeam "Delhi Dynamite"]
[WhiteFideId "728012"]
[BlackFideId "5007844"]
[EventDate "2017.01.11"]

1. e4 e5 2. Nf3 Nc6 3. Bb5 a6 4. Ba4 Nf6 5. d4 exd4 6. O-O Be7 7. e5 Ne4 8. Nxd4
Nxd4 9. Qxd4 Nc5 10. Nc3 O-O 11. Nd5 Nxa4 12. Qxa4 d6 13. Qa3 Be6 14. Nxe7+ Qxe7
15. Bf4 Qh4 16. Bg3 Qe4 17. exd6 cxd6 18. Bxd6 Rfc8 19. c3 h5 20. Rfe1 Qg6 21.
Qb4 Bd5 22. Bg3 Rc4 23. Qd6 Qxd6 24. Bxd6 Rg4 25. Bg3 h4 26. f3 Rc4 27. Bf2 h3
28. Re5 Bc6 29. Bd4 f6 30. Re7 Re8 31. Rxe8+ Bxe8 32. gxh3 Kf7 33. Re1 Rc8 34.
Kf2 Bc6 35. h4 Re8 36. Rg1 Bb5 37. Be3 Rh8 38. Rg4 g6 39. Rf4 Re8 40. a4 Bc6 41.
Bd4 Re6 42. a5 Bb5 43. Kg3 Bd3 44. b4 f5 45. Bc5 Bb5 46. h5 gxh5 47. Rxf5+ Kg6
48. Rd5 Rf6 49. h4 Rf5 50. Rd6+ Rf6 51. Rd8 Bc6 52. Rd3 Bb5 53. Re3 Kf5 54. Re7
Bc6 55. Bd4 Re6 56. Rf7+ Kg6 57. Rg7+ Kh6 58. Rf7 Kg6 59. Rf8 Re1 60. Rf6+ Kh7
61. Kf4 Rf1 62. Kg5 Rxf3 63. Rh6+ Kg8 64. Rxh5 Rg3+ 65. Kf5 Rf3+ 66. Ke6 1-0

[Event "PRO League Group Stage"]
[Site "chess.com INT"]
[Date "2017.02.22"]
[Round "7"]
[White "Ajibola, Olanrewaju"]
[Black "Jessel, Stephen"]
[Result "0-1"]
[BlackTitle "FM"]
[WhiteElo "2192"]
[BlackElo "2382"]
[WhiteTeam "Abuja Rockstars"]
[BlackTeam "Dublin Desperados"]
[WhiteFideId "8500940"]
[BlackFideId "628859"]
[EventDate "2017.01.11"]

1. d4 g6 2. Nf3 Bg7 3. e4 c6 4. Nbd2 d5 5. e5 Bf5 6. h3 h5 7. Nh4 Bd7 8. Bd3 Nh6
9. Ndf3 Qc8 10. Nxg6 fxg6 11. Bxg6+ Kd8 12. Bxh5 Na6 13. Ng5 e6 14. g4 Kc7 15.
Be3 Be8 16. Bxe8 Qxe8 17. f4 Qg6 18. c3 Rac8 19. Qe2 Kb8 20. O-O-O c5 21. dxc5
Nxc5 22. Bxc5 Rxc5 23. Nf3 Rf8 24. Qe3 Ra5 25. a3 Ng8 26. Nd2 Ne7 27. Rdf1 Bh6
28. g5 Bg7 29. h4 Rh8 30. Nb3 Rb5 31. Nd4 Rb6 32. Qh3 Rh5 33. Qg4 a6 34. a4 Nc6
35. Nxe6 Nxe5 36. fxe5 Rxe6 37. Rd1 Rxe5 38. Rhe1 Rxe1 39. Rxe1 Rh8 40. Re6 Qd3
41. Qb4 Qf1+ 42. Kd2 Rf8 43. Qd6+ Ka8 44. Rf6 Rxf6 45. gxf6 Qxf6 46. Qxd5 Bh6+
47. Kc2 Qxh4 48. Kb3 Qf6 49. a5 Bf4 50. Ka3 Bd6+ 51. Ka4 Bc7 52. Qg8+ Ka7 53.
Qg1+ Ka8 54. Qg8+ Bb8 55. Qc8 Qe5 56. b4 Qc7 57. Qh8 Qd7+ 58. Kb3 Qd1+ 59. Kb2
Qe2+ 60. Kb3 Qe6+ 61. c4 Qe3+ 62. Ka4 Qe2 63. Kb3 Qd3+ 64. Qc3 Qxc3+ 65. Kxc3
Bc7 66. Kb3 Kb8 67. Ka4 Kc8 68. b5 Kd7 69. Kb4 Bd6+ 70. c5 Be7 71. Kc4 Kc7 72.
Kb4 Bh4 73. Kc4 Be1 74. c6 axb5+ 75. Kxb5 bxc6+ 76. Ka4 Kb7 0-1

[Event "PRO League Group Stage"]
[Site "chess.com INT"]
[Date "2017.02.22"]
[Round "7"]
[White "Villegas, Pierre"]
[Black "Agrest, Evgenij"]
[Result "0-1"]
[WhiteTitle "FM"]
[BlackTitle "GM"]
[WhiteElo "2363"]
[BlackElo "2593"]
[WhiteTeam "Cannes Blockbusters"]
[BlackTeam "Stockholm Snowballs"]
[WhiteFideId "654183"]
[BlackFideId "1705024"]
[EventDate "2017.01.11"]

1. d4 d5 2. c4 c6 3. Nf3 Nf6 4. e3 a6 5. Nc3 e6 6. Qc2 c5 7. cxd5 exd5 8. Be2
cxd4 9. Nxd4 Bd6 10. O-O O-O 11. Rd1 Nc6 12. Nf3 Be6 13. b3 Rc8 14. Bb2 Qe7 15.
a3 Rfe8 16. Qd2 Red8 17. b4 Bb8 18. g3 Ba7 19. Qe1 h6 20. Bf1 Bg4 21. Be2 d4 22.
exd4 Nxd4 23. Nxd4 Bxd4 24. Bxg4 Qxe1+ 25. Rxe1 Nxg4 26. Nd1 Bxf2+ 27. Nxf2 Nxf2
28. Kxf2 Rd2+ 29. Re2 Rxe2+ 30. Kxe2 Rc2+ 31. Kf3 Rxb2 32. h4 Kf8 33. Rc1 Rb3+
34. Kg2 b5 35. Rc8+ Ke7 36. Rc7+ Ke8 37. a4 bxa4 38. Ra7 Rxb4 39. Ra8+ Ke7 40.
Rxa6 h5 41. Ra7+ Kf6 42. Ra6+ Kf5 43. Ra5+ Kg6 44. Ra6+ f6 45. Kh3 Kh7 46. Ra8
f5 47. Ra6 g6 48. Ra7+ Kh6 49. Ra6 f4 50. gxf4 Rxf4 51. Ra7 Rg4 52. Rb7 Rc4 53.
Ra7 Rb4 54. Kg3 Rb3+ 55. Kg2 a3 56. Ra8 Kg7 57. Ra6 Rb2+ 58. Kg3 a2 59. Kf4 Kf7
60. Kg5 Rg2+ 61. Kh6 Ke7 62. Ra7+ Kd6 63. Ra6+ Kc5 64. Rxa2 Rxa2 65. Kxg6 Kd6
66. Kxh5 Ke6 0-1

[Event "PRO League Group Stage"]
[Site "chess.com INT"]
[Date "2017.02.22"]
[Round "7"]
[White "Villegas, Pierre"]
[Black "Agrest, Inna"]
[Result "1/2-1/2"]
[WhiteTitle "FM"]
[BlackTitle "WIM"]
[WhiteElo "2363"]
[BlackElo "2273"]
[WhiteTeam "Cannes Blockbusters"]
[BlackTeam "Stockholm Snowballs"]
[WhiteFideId "654183"]
[BlackFideId "1708830"]
[EventDate "2017.01.11"]

1. d4 Nf6 2. c4 g6 3. Nc3 Bg7 4. e4 d6 5. f3 O-O 6. Nge2 a6 7. Be3 Nbd7 8. Qd2
c5 9. d5 b5 10. cxb5 Qa5 11. Nc1 Ne5 12. Nb3 Qb6 13. Na4 Qd8 14. b6 Bd7 15. Qa5
Bxa4 16. Qxa4 Qxb6 17. Be2 a5 18. Kf2 Qb4 19. Qxb4 axb4 20. a4 bxa3 21. Rxa3
Rxa3 22. bxa3 Ra8 23. Ra1 Ra4 24. Bb5 Ra5 25. a4 Ra8 26. Ke2 e6 27. dxe6 fxe6
28. a5 Ne8 29. Bxe8 Rxe8 30. Ra4 Nc6 31. Nd2 Ra8 32. Nc4 d5 33. exd5 exd5 34.
Nb6 Rxa5 35. Rxa5 Nxa5 36. Bxc5 Nb3 37. Ba3 Be5 38. h3 Nd4+ 39. Kd3 Nb5 40. Bc5
Nc7 41. Nd7 Bg3 42. Bb6 Kf7 43. Bxc7 Bxc7 44. Kd4 Ke6 45. Nf8+ Kf7 46. Nxh7 Bf4
47. h4 Ke6 48. Ng5+ Kd6 49. g4 Bg3 50. h5 gxh5 51. gxh5 Bf4 52. Nh3 Be5+ 53. Kd3
Ke6 54. Ng1 Kf5 55. Ne2 Bf6 56. Nc3 d4 57. Ne4 Be5 58. Nc5 Kg5 59. Ke4 Bh8 60.
Ne6+ Kxh5 61. Nxd4 Kg6 62. Nc6 Kf7 63. Kf5 Bb2 64. Ne5+ Ke7 65. Nd3 Bc3 66. Kg6
Bd2 67. f4 Bxf4 68. Nxf4 1/2-1/2

[Event "PRO League Group Stage"]
[Site "chess.com INT"]
[Date "2017.02.22"]
[Round "7"]
[White "Tang, Andrew"]
[Black "Shabalov, Alexander"]
[Result "0-1"]
[WhiteTitle "IM"]
[BlackTitle "GM"]
[WhiteElo "2466"]
[BlackElo "2563"]
[WhiteTeam "Minnesota Blizzard"]
[BlackTeam "Pittsburgh Pawngrabbers"]
[WhiteFideId "2059630"]
[BlackFideId "2008572"]
[EventDate "2017.01.11"]

1. d4 Nf6 2. c4 c6 3. Bf4 g6 4. Nf3 Bg7 5. h3 O-O 6. Nc3 d6 7. e3 Nbd7 8. Be2
Qe8 9. Bh2 e5 10. O-O Qe7 11. Qc2 b6 12. b4 Bb7 13. c5 dxc5 14. bxc5 Ne8 15.
cxb6 exd4 16. Nxd4 axb6 17. Rab1 c5 18. Bf3 cxd4 19. Bxb7 Ra7 20. Nd5 Qe6 21.
Bc6 d3 22. Qxd3 Nc5 23. Qb5 Ne4 24. Qxb6 Rxa2 25. Nf4 Qe7 26. Rbc1 Rb2 27. Qa5
Nxf2 28. Rxf2 Qxe3 29. Qe1 Bd4 30. Qxe3 Bxe3 31. Rf1 Nf6 32. Nd3 Rc2 33. Ba4
Rxf2 34. Rxf2 Ra8 35. Bd1 Ne4 36. Kf1 Nxf2 37. Nxf2 Ra1 38. Be5 Rc1 39. Ng4
Rxd1+ 40. Ke2 Rd2+ 41. Kxe3 Rxg2 42. Kf3 Ra2 43. Nf6+ Kg7 44. Nd7+ Kh6 45. Nf6
g5 46. Bg3 Kg6 47. Ng4 h5 48. Ne3 f5 49. Bf2 f4 50. Nc4 Ra4 51. Nd6 Ra3+ 52. Kg2
Rd3 53. Nc4 Kf5 54. Nb2 Rd5 55. Nc4 Ke4 56. Kf1 Kf3 57. Be1 Rd1 58. Nd2+ Ke3 59.
Nc4+ Kd4 60. Nd2 Ke3 61. Nc4+ Ke4 62. Nd2+ Kf5 63. Ke2 Ra1 64. Nf3 Ra3 65. Bd2
g4 66. hxg4+ hxg4 67. Nd4+ Ke4 68. Ne6 f3+ 69. Ke1 g3 70. Ng5+ Kf5 71. Nh3 Kg4 0-1

[Event "PRO League Group Stage"]
[Site "chess.com INT"]
[Date "2017.02.22"]
[Round "7"]
[White "Narayanan, Samrug"]
[Black "Shabalov, Alexander"]
[Result "0-1"]
[BlackTitle "GM"]
[WhiteElo "1777"]
[BlackElo "2563"]
[WhiteTeam "Minnesota Blizzard"]
[BlackTeam "Pittsburgh Pawngrabbers"]
[WhiteFideId "30914051"]
[BlackFideId "2008572"]
[EventDate "2017.01.11"]

1. e4 c5 2. Nf3 Nc6 3. Bb5 e6 4. O-O Nge7 5. c3 a6 6. Ba4 b5 7. Bc2 Bb7 8. d4
cxd4 9. cxd4 Nb4 10. Re1 Nxc2 11. Qxc2 Ng6 12. Nc3 Rc8 13. a3 Be7 14. Be3 O-O
15. Qd2 f5 16. Qd3 fxe4 17. Nxe4 Rxf3 18. gxf3 Qf8 19. Qe2 Nh4 20. Nd2 Rc2 21.
f4 Qf5 22. f3 Nxf3+ 23. Nxf3 Qg4+ 24. Kf1 Qh3+ 25. Kg1 Rxe2 26. Rxe2 Qxf3 0-1

[Event "PRO League Group Stage"]
[Site "chess.com INT"]
[Date "2017.02.22"]
[Round "7"]
[White "Narayanan, Samrug"]
[Black "Heimann, Alexander C"]
[Result "0-1"]
[WhiteElo "1777"]
[BlackElo "2271"]
[WhiteTeam "Minnesota Blizzard"]
[BlackTeam "Pittsburgh Pawngrabbers"]
[WhiteFideId "30914051"]
[BlackFideId "2006073"]
[EventDate "2017.01.11"]

1. e4 d5 2. exd5 Qxd5 3. Nc3 Qa5 4. d4 Nf6 5. Nf3 Bf5 6. Bd2 c6 7. Bc4 Nbd7 8.
O-O e6 9. Bb3 Bb4 10. a3 Bxc3 11. Bxc3 Qc7 12. Re1 O-O 13. Qe2 Rad8 14. Bd2 Rfe8
15. Be3 h6 16. c4 Bg4 17. h3 Bh5 18. Bc2 Nf8 19. g4 Bg6 20. Ne5 Bxc2 21. Qxc2 c5
22. Rad1 Rd6 23. f4 cxd4 24. Bxd4 Red8 25. Bf2 Rxd1 26. Rxd1 Rxd1+ 27. Qxd1 b6
28. Qd3 N8d7 29. Nxd7 Nxd7 30. Qe4 Nf6 31. Qd4 Qc6 32. b3 Qf3 33. Qe3 Qd1+ 34.
Kg2 Qc2 35. Kf1 Ne4 36. Be1 f5 37. gxf5 exf5 38. h4 Kh7 39. Qh3 Nc5 40. b4 Qxc4+
41. Kg1 Qd3 42. Qg2 Ne6 43. Bd2 Nd4 44. h5 Nf3+ 45. Kf2 Qxd2+ 46. Kxf3 Qxg2+ 47.
Kxg2 g5 48. hxg6+ Kxg6 49. b5 Kf6 50. Kg3 Ke6 51. Kh4 Kd5 52. Kh5 Ke4 53. Kxh6
Kxf4 0-1

[Event "PRO League Group Stage"]
[Site "chess.com INT"]
[Date "2017.02.22"]
[Round "7"]
[White "Balakrishnan, Praveen"]
[Black "Amin, Bassem"]
[Result "0-1"]
[WhiteTitle "FM"]
[BlackTitle "GM"]
[WhiteElo "2465"]
[BlackElo "2666"]
[WhiteTeam "New Jersey Knockouts"]
[BlackTeam "Miami Champions"]
[WhiteFideId "2064871"]
[BlackFideId "10601457"]
[EventDate "2017.01.11"]

1. e4 e5 2. Nf3 Nc6 3. Bb5 a6 4. Ba4 Nf6 5. O-O Be7 6. Re1 b5 7. Bb3 d6 8. c3
O-O 9. d4 Bg4 10. Be3 exd4 11. cxd4 Na5 12. Bc2 c5 13. Nbd2 Re8 14. h3 Bh5 15.
Nf1 Nc4 16. Bc1 Bxf3 17. Qxf3 cxd4 18. b3 Ne5 19. Qd1 d5 20. Qxd4 Nc6 21. Qd1
dxe4 22. Bb2 Qb6 23. Bxe4 Bb4 24. Qf3 Bxe1 25. Bxc6 Bxf2+ 26. Kh1 Rac8 27. Bxe8
Nxe8 28. Rd1 Bc5 29. Ng3 Rd8 30. Rf1 Qe6 31. Ne4 Be7 32. Qf4 Nd6 33. Nxd6 Rxd6
34. Qg3 Qg6 35. Qe3 Re6 36. Qf3 h6 37. Qa8+ Kh7 38. Qf3 Bf6 39. Bxf6 Rxf6 40.
Qe2 Rxf1+ 41. Qxf1 Qe6 42. Qf3 f5 43. Qd3 Qe4 44. Qd2 b4 45. Qf2 a5 46. Kh2 Qe5+
47. Kh1 Kg6 48. Qb6+ Kg5 49. Qf2 f4 50. Qd2 h5 51. g3 Kf5 52. gxf4 Qxf4 53. Qd5+
Qe5 54. Qf3+ Kg5 55. Qg2+ Kh4 56. Qf2+ Kxh3 57. Qf3+ Kh4 58. Qf2+ Kg5 59. Qg2+
Kh6 60. Qd2+ Qg5 61. Qd6+ Kh7 62. Qd3+ Qg6 63. Qe2 Qf5 64. Qd2 Kg6 65. Qg2+ Kf6
66. Qc6+ Kg5 67. Qg2+ Qg4 68. Qd2+ Kh4 69. Qf2+ Qg3 70. Qd4+ Qg4 71. Qf2+ Kg5
72. Qd2+ Kg6 73. Qd3+ Qf5 74. Qd6+ Kh7 75. Qd2 h4 76. Kh2 g5 77. Qe2 Kh6 78. Qe7
Qf4+ 79. Kh1 Qf1+ 80. Kh2 Qf2+ 81. Kh1 Qf3+ 82. Kh2 Qf4+ 83. Kh1 Kh5 84. Qh7+
Kg4 85. Qc2 h3 86. Qc8+ Kg3 0-1

[Event "PRO League Group Stage"]
[Site "chess.com INT"]
[Date "2017.02.22"]
[Round "7"]
[White "He, Anthony B"]
[Black "Altounian, Levon"]
[Result "1/2-1/2"]
[BlackTitle "IM"]
[WhiteElo "2183"]
[BlackElo "2443"]
[WhiteTeam "Seattle Sluggers"]
[BlackTeam "Las Vegas Desert Rats"]
[WhiteFideId "2088215"]
[BlackFideId "2011298"]
[EventDate "2017.01.11"]

1. e4 e6 2. d4 d5 3. Nd2 Nf6 4. e5 Nfd7 5. Bd3 c5 6. c3 Nc6 7. Ne2 cxd4 8. cxd4
Nb6 9. O-O Bd7 10. a3 a5 11. b3 Be7 12. f4 O-O 13. Bb2 Rc8 14. Rc1 f5 15. exf6
Bxf6 16. Nf3 Ne7 17. Rxc8 Qxc8 18. Qd2 a4 19. Rc1 Qd8 20. b4 Nc4 21. Bxc4 dxc4
22. Rxc4 Bc6 23. Qe3 Qd6 24. Rc5 Nf5 25. Qd2 Bxf3 26. gxf3 Rd8 27. d5 Bxb2 28.
Qxb2 exd5 29. Qe5 Qg6+ 30. Kf2 h6 31. Rxd5 Rf8 32. Ng3 Qb6+ 33. Rc5 Nxg3 34.
hxg3 Qg6 35. Qd5+ Kh7 36. Qe4 Rd8 37. Qxg6+ Kxg6 38. Ke2 Re8+ 39. Re5 Rc8 40.
Kd2 Kf6 41. Ra5 Rd8+ 42. Kc3 Re8 43. Kd4 Rd8+ 44. Kc4 Rc8+ 45. Rc5 Re8 46. Kd4
Re2 47. Rc7 Ra2 48. Rc3 Rg2 49. g4 g6 50. Kc5 h5 51. gxh5 gxh5 52. Kb5 h4 53.
Kxa4 h3 54. Rc1 h2 55. Rh1 Kf5 56. Kb5 Kxf4 57. a4 Kxf3 58. a5 Rb2 59. a6 bxa6+
60. Kxa6 Kg2 61. Rxh2+ Kxh2 62. b5 Kg3 63. b6 Kf4 64. b7 Ke5 65. Ka7 Ra2+ 66.
Kb6 Rb2+ 67. Ka7 Kd6 68. b8=Q+ Rxb8 69. Kxb8 1/2-1/2